Музыкальные жанры по описанию - Statistics

General Stats
  • This quiz has been taken 20 times
  • The average score is 6 of 15
Answer Stats
Описание Жанр % Correct
Музыка на основе афро-американского фолка, характерной особенностью которой стало смешение разных мелодий инструментов в единую композицию Джаз
94%
Гитарная музыка, зародившаяся на Ямайке и характеризующаяся мерными расслабленными ударами по струнам Рэгги
78%
Американская эстрадная музыка, экспуатирующая сельскую тематику средних штатов Кантри
78%
Совокупность жанров тяжёлого гитарного рока с брутальной эстетикой Метал
67%
Ответвление альтернативного рока, получившее широкую популярность на волне молодёжных протестов Великобритании 70-х годов XX века Панк
56%
Стильная заводная клубная музыка, популяризированная лейблом Motown Диско
50%
Гитарная музыка бедных промышленных районов США начала-середины XX века Блюз
50%
Техно с резкими высокочастотными вставками, похожими на звуки пиления Дабстеп
28%
Музыка с восточного побережья Штатов с грязным тяжёлым звучанием и абстрактно-мрачной стилистикой Гранж
28%
Синтетическая музыка, для которой характерна чёткая партия ударных Хаус
17%
Крайне экспериментальный вид музыки без какого-либо ритма и чёткой структуры Нойз
11%
Проникновенный одноголосый вокал, которому на втором плане аккомпанирует гармоничная музыка Соул
6%
Латиноамериканские бодрые танцевальные мотивы, традиционно ассоциируюшиеся с чёрно-белыми клетчатыми вещами и тёмными очками Ска
6%
Электронная танцевальная музыка, популярная в конце 70-х в Нью-Йорке, характеризующаяся ломанным ритмом и вставками различных секций из композиций других жанров Брейкбит
0%
Электронщина с высоким темпом, гитарными вставками и гоночной лирикой Евробит
0%
No matching quizzes found
Score Distribution
Percent of People with Each Score
Percentile by Number Answered
Your Score History
You have not taken this quiz